Statistiques concernant L'équipe des Bleus Foot 2 Rue

Cliquez ici pour prendre le quiz!

Statistiques générales

  • Ce quiz a été pris 487 fois
  • Le résultat moyen est 6 sur 7

Statistiques - réponses

Joueurs% Correct
Tag
95%
Nordine
92%
Gabriel
90%
Éloïse
89%
Jérémy
80%
Tarek
79%
Samira
77%

Distribution des résultats

Percentile par nombre de réponses

% des personnes avec chaque résultat

Votre développement - résultats

Vous n’avez pas pris ce quiz